[Event "2nd Metropolitan International"]
[Site "Los Angeles USA"]
[Date "2012.08.16"]
[Round "4"]
[White "Amanov,Z"]
[Black "Wheeler,Cameron"]
[Result "1/2-1/2"]
[WhiteElo "2380"]
[BlackElo "2105"]

1.c4 e5 2.g3 Nc6 3.Bg2 g6 4.Nc3 Bg7 5.e4 d6 6.Nge2 f5 7.d3 Nf6 8.O-O O-O
9.Nd5 Nxd5 10.cxd5 Ne7 11.Be3 c6 12.dxc6 bxc6 13.Rc1 Rb8 14.Qd2 c5 15.b3 Ba6
16.Rfe1 Qd7 17.Nc3 Kh8 18.f4 Nc6 19.Nd5 Nb4 20.Nxb4 Rxb4 21.fxe5 Bxe5 22.exf5 Qxf5
23.Rf1 Qc8 24.Bh6 Bd4+ 25.Kh1 Bg7 26.Rce1 Bb7 27.Bxg7+ Kxg7 28.Re7+ Kg8 29.Rfe1 Bxg2+
30.Qxg2 Qf5 31.Rxa7 Qxd3 32.Ra8 Rbb8 33.Rxb8 Rxb8 34.Qe4 Qxe4+ 35.Rxe4  1/2-1/2

[Event "Husek Vienna Open A"]
[Site "Vienna AUT"]
[Date "2012.08.16"]
[Round "4"]
[White "Steiner,B"]
[Black "Fuchs,G"]
[Result "1/2-1/2"]
[WhiteElo "2173"]
[BlackElo "2300"]

1.c4 e5 2.g3 Nf6 3.Bg2 d5 4.cxd5 Nxd5 5.Nf3 Nc6 6.O-O Nb6 7.d3 Be7 8.Nbd2 Be6
9.a3 O-O 10.b4 a6 11.Bb2 f6 12.Rc1 Qe8 13.Re1 Qf7 14.Qc2 Rfd8 15.Ne4 Bb3
16.Qb1 Na4 17.Rxc6 bxc6 18.Bxe5 fxe5 19.Nfg5 Qd5 20.Nf6+ gxf6 21.Bxd5+ Bxd5
22.e4 fxg5 23.exd5 Nc3 24.Qc1 Nxd5 25.Rxe5 Rd6 26.Qc4 Bf6 27.Re4 Kg7 28.Kg2 a5
29.b5 Nc3 30.Re6 Rxe6 31.Qxe6 cxb5 32.Qd7+ Kg6 33.h4 gxh4 34.Qg4+ Kf7 35.Qd7+ Kg8
36.g4 Rd8 37.Qxc7 Rxd3 38.Qc8+ Kg7 39.Qc7+ Kg6 40.Qb8 Kf7 41.Qc7+ Kg6 42.Qb8 Kg5
43.Qg8+ Kf4 44.Qe6 h3+ 45.Kh2 Kf3 46.Qxf6+ Kxg4 47.Qg7+ Kf3 48.Qxh7 Ke2 49.f4 b4
50.axb4 a4 51.Qh5+ Kf1 52.Qg6 Ke2 53.f5 a3 54.f6 a2 55.f7 a1=Q 56.f8=Q Qa2
57.Qg1 Rf3 58.Qd6 Rf1 59.Qgg3 Rf3 60.Qg1 Rf1 61.Qgg3 Rf3 62.Qg1 Rf1 63.Qgg3  1/2-1/2

[Event "Husek Vienna Open A"]
[Site "Vienna AUT"]
[Date "2012.08.16"]
[Round "4"]
[White "Stanec,N"]
[Black "Wilke,W"]
[Result "1-0"]
[WhiteElo "2528"]
[BlackElo "2224"]

1.c4 e5 2.g3 Nf6 3.Bg2 c6 4.Nf3 e4 5.Nd4 d5 6.cxd5 Qb6 7.Nc2 cxd5 8.O-O Bd7
9.d3 Bc5 10.Nc3 Bc6 11.b4 Bd4 12.Nxd4 Qxd4 13.Qb3 b5 14.dxe4 dxe4 15.Rd1 Qb6
16.a4 a6 17.axb5 axb5 18.Rxa8 Bxa8 19.Be3 Qa6 20.Bc5 Nbd7 21.Bd6 Bc6 22.e3 Qb7
23.h3 h5 24.Qc2 Rh6 25.Bf4 Rg6 26.Rd4 Kf8 27.Rd6 Kg8 28.Ne2 Ne8 29.Rxg6 fxg6
30.Nd4 Bd5 31.Bf1 g5 32.Bxg5 Nd6 33.Bf4 Nc4 34.Qc3 Nf8 35.Be2 g6 36.Bh6 Ne6
37.Nxe6 Bxe6 38.Qf6 Qf7 39.Qh4 Bd5 40.Qd8+ Kh7 41.Bf4 Be6 42.Kg2 Qd7 43.Qxd7+ Bxd7
44.g4 hxg4 45.hxg4 Nd2 46.Kg3 Bc6 47.Bg5 Kg8 48.Kf4 Kf7 49.Ke5 Bd7 50.Kd6 Ke8
51.Bf6 Nf3 52.Be5 Ne1 53.Bc3 Nd3 54.f4 Nc1 55.Bd1 Nd3 56.g5 Bh3 57.Bb3 Bf1
58.Ke6 Nc1 59.Bd5 Ne2 60.Bb2 Ng3 61.Kf6 Nf5 62.Bc1 Bd3 63.Bf7+  1-0

[Event "2nd Metropolitan International"]
[Site "Los Angeles USA"]
[Date "2012.08.17"]
[Round "7"]
[White "Kong,Dezheng"]
[Black "Yanayt,E"]
[Result "1-0"]
[WhiteElo "2051"]
[BlackElo "2266"]

1.c4 e5 2.g3 f5 3.Bg2 Nf6 4.Nc3 Bb4 5.d4 Qe7 6.a3 Bxc3+ 7.bxc3 d6 8.Nh3 c5
9.Qa4+ Qd7 10.Qb5 Na6 11.Rb1 Rb8 12.dxe5 dxe5 13.Be3 O-O 14.Bxc5 Nxc5 15.Qxc5 b6
16.Qxe5 Ba6 17.O-O Rbe8 18.Qf4 Rxe2 19.Rfd1 Qe7 20.Bf3 Re5 21.Bd5+ Nxd5 22.cxd5 Re4
23.Qg5 Qd6 24.Rb4 Re5 25.Qf4 Be2 26.Rd2 Bg4 27.Ng5 Qf6 28.Kg2 Rd8 29.Rbd4 Re1
30.Ne6 Rc8 31.Rc4 Re8 32.Rc7 Re4 33.Qd6 f4 34.f3 Qh6 35.Rxg7+ Kh8 36.Rxg4 fxg3
37.fxe4 Qxd2+ 38.Kxg3 Qe3+ 39.Kg2 Qd2+ 40.Kh3 Qd3+ 41.Kh4 Qxc3 42.Rg5 Qe1+
43.Qg3 Qxe4+ 44.Kh3 Rc8 45.Qe5+ Qxe5 46.Rxe5 Rc3+ 47.Kg4 Rxa3 48.Rf5 h6 49.d6 Rd3
50.Rf8+ Kh7 51.Rd8 a5 52.Kf5 Rd2 53.d7 a4 54.Ke5 a3 55.Nd4 a2 56.Ra8  1-0

[Event "Husek Vienna Open A"]
[Site "Vienna AUT"]
[Date "2012.08.17"]
[Round "5"]
[White "Erdos,V"]
[Black "Atalik,E"]
[Result "1-0"]
[WhiteElo "2645"]
[BlackElo "2453"]

1.c4 e5 2.g3 Nf6 3.Bg2 d5 4.cxd5 Nxd5 5.Nc3 Nb6 6.Nf3 Nc6 7.O-O Be7 8.a3 g5
9.d4 exd4 10.Nb5 O-O 11.Nfxd4 Nxd4 12.Nxd4 Bf6 13.Nb5 Qxd1 14.Rxd1 c6 15.Nc3 Bf5
16.Ne4 Bxe4 17.Bxe4 Nc4 18.Ra2 Rfd8 19.Bd3 Ne5 20.Bc2 Rxd1+ 21.Bxd1 Rd8 22.Bc2 c5
23.Be3 b6 24.b3 Nc6 25.Bd3 Ne5 26.Bc2 Nc6 27.Kf1 h6 28.h3 Kg7 29.Bd3 Ne5
30.Bc2 Nc6 31.Kg2 Nd4 32.Bxd4 Bxd4 33.Bd3 a5 34.Kf3 Rd6 35.e3 Bc3 36.Ke2 Rd8
37.Rc2 Ba1 38.Rc4 Bb2 39.a4 Re8 40.Bf5 Rd8 41.Be4 Be5 42.Bd3 Re8 43.h4 Bb2
44.Rg4 Kf6 45.f4 gxf4 46.gxf4 Ke7 47.Bc4 Rd8 48.Kf3 Kf8 49.Rg2 Bc3 50.Rc2 Ba1
51.Kg4 Bf6 52.Kf5 Ba1 53.e4 Rd1 54.e5 Rg1 55.Re2 Ke7 56.h5 Bd4 57.Ke4 Rg4
58.Rh2 Rg3 59.Kd5 Rf3 60.Rh4 Bc3 61.Rg4 Bd2 62.Rg2 Bxf4 63.Ke4 Rg3 64.Rf2 Bg5
65.Rxf7+ Kd8 66.Rb7 Rh3 67.Bf7 Rh4+ 68.Kd5 Rd4+ 69.Ke6 Rb4 70.Kd6 Rd4+ 71.Bd5 Be7+
72.Rxe7 Rxd5+ 73.Kxd5 Kxe7 74.Ke4  1-0

[Event "e2e4 Gatwick Masters A 2012"]
[Site "Crawley ENG"]
[Date "2012.08.18"]
[Round "1.2"]
[White "Merry,Alan B"]
[Black "Rudd,J"]
[Result "0-1"]
[WhiteElo "2210"]
[BlackElo "2295"]

1.c4 e5 2.g3 Nf6 3.Bg2 Nc6 4.Nc3 g6 5.e4 Bg7 6.Nge2 d6 7.d3 O-O 8.O-O Nh5
9.Nd5 f5 10.Be3 f4 11.gxf4 exf4 12.Nexf4 Nxf4 13.Bxf4 Bxb2 14.Rb1 Bg7 15.Qd2 Nd4
16.Bg5 Qd7 17.f4 c6 18.Ne7+ Kh8 19.Qf2 Qg4 20.h3 Qh5 21.Nxc8 Raxc8 22.Kh2 Rc7
23.Bf3 Nxf3+ 24.Qxf3 Qxf3 25.Rxf3 Rcf7 26.Kg2 h6 27.Bh4 g5 28.Bf2 gxf4 29.Bxa7 c5
30.Bb6 Ra8 31.Kh1 Rxa2 32.Rg1 Be5 33.Rg6 Kh7 34.Re6 Ra1+ 35.Kh2 Bd4 36.h4 Ra2+
37.Kh3 h5 38.Rf1 Rg7 39.Rxf4 Bg1  0-1

[Event "LBV Open A 2012"]
[Site "Roosendaal NED"]
[Date "2012.08.18"]
[Round "5.7"]
[White "Swinkels,R"]
[Black "Broekmeulen,Ja"]
[Result "1/2-1/2"]
[WhiteElo "2482"]
[BlackElo "2410"]

1.c4 e5 2.g3 Nc6 3.Nc3 Nf6 4.Bg2 Bc5 5.d3 d6 6.Nf3 a6 7.O-O h6 8.a3 O-O 9.b4 Ba7
10.Bb2 Be6 11.Rc1 Qd7 12.e3 Ne7 13.Re1 Bh3 14.Bh1 Bg4 15.Qc2 Ng6 16.d4 c6
17.dxe5 Nxe5 18.Nxe5 dxe5 19.c5 Rad8 20.Na4 Bb8 21.f3 Be6 22.Red1 Qe7 23.e4 Nd7
24.Bg2 f6 25.Bf1 Qf7 26.Bc4 Bxc4 27.Qxc4 Qxc4 28.Rxc4 b5 29.cxb6 Nxb6 30.Rxd8 Nxc4
31.Rd7 Rf7 32.Rd8+ Rf8 33.Rxf8+ Kxf8 34.Kf2 Ba7+ 35.Ke2 h5 36.Bc1 Ke7 37.h3 Bd4
38.g4 hxg4 39.hxg4 g5 40.Kd3 Nd6 41.Nb2 Bxb2 42.Bxb2 Kd7 43.a4 Ke6 44.Bc1 Kd7
45.Be3 Ke6 46.Bc5 Nb7 47.Kc4 Kd7 48.Bf8 Ke8 49.Bc5 Kd7 50.Ba7 Ke6 51.Bb6 Kd7
52.Bc5 Ke6 53.Bf8 Kf7 54.Bc5 Ke6  1/2-1/2

[Event "2nd Split Open 2012"]
[Site "Split CRO"]
[Date "2012.08.18"]
[Round "8.8"]
[White "Farkas,Ti"]
[Black "Jovanic,O"]
[Result "0-1"]
[WhiteElo "2253"]
[BlackElo "2508"]

1.c4 e5 2.g3 d6 3.Bg2 f5 4.Nc3 Nf6 5.d3 Be7 6.f4 c6 7.e3 O-O 8.Nge2 Be6 9.b3 Nbd7
10.O-O Qb6 11.h3 Nc5 12.Kh2 Rae8 13.e4 fxe4 14.dxe4 exf4 15.gxf4 Qc7 16.Ng3 a5
17.Be3 Nfd7 18.Qd2 Bf7 19.Rad1 Bg6 20.Bf3 Bf6 21.f5 Bf7 22.Bf4 Ne5 23.Qxd6 Qxd6
24.Rxd6 Rd8 25.Rxd8 Rxd8 26.Be2 Ned3 27.Bxd3 Nxd3 28.e5 Nxf4 29.exf6 Rd2+
30.Kh1 Nxh3 31.fxg7 Kxg7 32.Nge4 Rd3 33.Rd1 Rxc3 34.Nxc3 Nf2+ 35.Kg2 Nxd1
36.Nxd1 Kf6 37.Ne3 Ke5 38.Kf2 Ke4 39.a3 c5 40.f6 Ke5 41.Kg3 h5 42.Nd1 Kxf6
43.Kf4 Bg6 44.Nc3 Ke6 45.Nd5 Bc2 46.b4 cxb4 47.axb4 a4 48.b5 a3 49.Nb4 Bb3
50.c5 a2 51.Nxa2 Bxa2 52.Kg5 Bc4  0-1

[Event "Husek Vienna Open A"]
[Site "Vienna AUT"]
[Date "2012.08.18"]
[Round "6"]
[White "Fischer,And"]
[Black "Di Fonzo,V"]
[Result "1/2-1/2"]
[WhiteElo "2244"]
[BlackElo "2137"]

1.c4 e5 2.g3 Nc6 3.Bg2 g6 4.Nc3 Bg7 5.e4 d6 6.Nge2 Be6 7.d3 Nf6 8.Nd5 h6
9.O-O O-O 10.h3 Nh7 11.Be3 Ne7 12.Qd2 h5 13.d4 c6 14.Nxe7+ Qxe7 15.d5 cxd5
16.cxd5 Bd7 17.Qb4 b6 18.Rac1 Rfc8 19.Nc3 Bf8 20.a4 Qd8 21.Nb5 Nf6 22.Rxc8 Bxc8
23.Rc1 a5 24.Qc4 Ba6 25.Qc7 Bxb5 26.axb5 Nd7 27.Qxd8 Rxd8 28.Rc7 Nc5 29.Bxc5 dxc5
30.h4 Rd6 31.Bh3 Bg7 32.Rc6 Bf8 33.Rc7 Bg7 34.Bd7 Bf6 35.Be8 Bd8 36.Bxf7+ Kf8
37.Rb7 c4 38.Kf1 Rf6 39.Be6 Rf3 40.Rb8 Ke7 41.Rb7+ Kf8 42.Ke2 Rd3 43.Rf7+ Ke8
44.b3 Be7 45.bxc4 Rd4 46.Rg7 a4 47.Rg8+ Bf8 48.c5 bxc5 49.b6 Ke7 50.Rh8 Rxe4+
51.Kf3 Rb4 52.Rh7+ Ke8 53.Ra7 Rxb6 54.Ra8+ Ke7 55.Rxa4 Kf6 56.Ra7 Be7 57.Rc7 Rb4
58.Bg8 e4+ 59.Ke3 Bd6 60.Rf7+ Ke5 61.Rg7 c4 62.Rxg6 Bc5+ 63.Kd2  1/2-1/2

[Event "2nd Isthmia Open A"]
[Site "Korinthia GRE"]
[Date "2012.08.19"]
[Round "3.24"]
[White "Deligiannis,P2"]
[Black "Lagopatis,N"]
[Result "0-1"]
[WhiteElo "2037"]
[BlackElo "2213"]

1.c4 e5 2.g3 c6 3.Bg2 d5 4.cxd5 cxd5 5.d4 exd4 6.Nf3 Bb4+ 7.Nbd2 d3 8.exd3 Qe7+
9.Kf1 Nf6 10.Nb3 O-O 11.h3 Nc6 12.Kg1 Re8 13.Nbd4 Bd7 14.Kh2 Rad8 15.Be3 h6
16.a3 Bc5 17.Rc1 Nxd4 18.Nxd4 Bd6 19.Re1 Qe5 20.Qd2 Qh5 21.Qd1 Bg4 22.Qd2 Be5
23.f4 Bb8 24.Bg1 g5 25.fxg5 hxg5 26.Rxe8+ Rxe8 27.Re1 Bxg3+ 28.Kxg3 Rxe1
29.Bf2 Rh1  0-1

[Event "e2e4 Gatwick Masters A 2012"]
[Site "Crawley ENG"]
[Date "2012.08.20"]
[Round "4.5"]
[White "Merry,Alan B"]
[Black "Madan,A"]
[Result "0-1"]
[WhiteElo "2210"]
[BlackElo "2315"]

1.c4 e5 2.g3 Nc6 3.Bg2 d6 4.Nc3 Be6 5.d3 Qd7 6.e4 Nd4 7.Be3 c6 8.f4 f5 9.Nf3 Nxf3+
10.Qxf3 Nf6 11.O-O fxe4 12.dxe4 Bxc4 13.Rfd1 Qg4 14.Qf2 Qh5 15.h3 exf4 16.gxf4 Be7
17.e5 dxe5 18.fxe5 Nd5 19.Bxd5 Bxd5 20.Nxd5 cxd5 21.Rxd5 Qxh3 22.Qe2 O-O
23.Rad1 Rf3 24.Bf2 Raf8 25.Qc4 Kh8 26.R5d3 Qf5 27.Rxf3 Qxf3 28.Rd2 Bg5 29.Re2 a6
30.e6 b5 31.Qe4 Qxe4 32.Rxe4 Re8 33.Bc5 Bf6 34.b4 Kg8 35.Kg2 Be7 36.Kf3 Bxc5
37.bxc5 Rc8 38.Re5 Kf8 39.Ke4 Ke7 40.Kd5 g6 41.Re2 Rd8+ 42.Kc6 h5 43.Kb7 g5
44.c6 g4 45.c7 Rg8 46.c8=Q Rxc8 47.Kxc8 g3 48.Re5 h4 49.Rg5 Kxe6 50.Kb7 Kf6
51.Rg8 Kf5 52.Kxa6 Kf4 53.Kxb5 h3 54.a4 h2 55.Rh8 g2 56.Rxh2 g1=Q 57.Rh4+ Kg5
58.Rc4 Qb1+ 59.Kc6 Qa2 60.Rc5+ Kf6 61.a5 Ke6 62.Kb7 Qg2+ 63.Kb6 Kd6 64.Rc8 Qf2+
65.Kb7 Qf3+ 66.Ka7 Qe3+ 67.Kb7 Qe4+ 68.Ka7 Qd4+ 69.Kb7 Qb4+ 70.Ka6 Kd7 71.Rb8 Qc4+
72.Kb6 Qd4+ 73.Kb7 Qe4+ 74.Kb6 Qf4 75.Ka6 Qe5 76.Rb6 Kc7 77.Rb7+ Kc8 78.Rb6 Qd5
79.Rb5 Qc6+ 80.Rb6 Qa8+ 81.Kb5 Kc7 82.Kb4 Qd5 83.Ka4 Qc5  0-1

[Event "ZMDI Open A 2012"]
[Site "Dresden GER"]
[Date "2012.08.20"]
[Round "3"]
[White "Hertneck,G"]
[Black "Kaiser,D"]
[Result "1-0"]
[WhiteElo "2521"]
[BlackElo "2256"]

1.g3 e5 2.c4 Nf6 3.Bg2 d5 4.cxd5 Nxd5 5.Nc3 Nb6 6.d3 Nc6 7.a3 Be7 8.b4 O-O
9.Nf3 Be6 10.O-O f6 11.Bb2 Qd7 12.Re1 Rad8 13.Nd2 a5 14.b5 Nd4 15.a4 c6 16.bxc6 bxc6
17.Ba3 Nd5 18.Nxd5 cxd5 19.Bxe7 Qxe7 20.e3 Nc6 21.Nb3 Qb4 22.d4 Bf7 23.Rc1 Qxa4
24.Rc5 exd4 25.Nxd4 Qxd1 26.Rxd1 Nxd4 27.Rxd4 Ra8 28.Ra4 Rfe8 29.Raxa5 Rxa5
30.Rxa5 d4 31.Bc6 dxe3 32.Bxe8 exf2+ 33.Kxf2 Bxe8 34.Ra7 h5 35.Ke3 Kh7 36.Ke4 Bc6+
37.Kd4 Kh6 38.Kc5 Be4 39.Kd6 Bf5 40.Ke7 h4 41.gxh4 Kh5 42.Ra5 g6 43.Ra4 Bg4
44.Kxf6 Kxh4 45.Kxg6 Kh3 46.Kg5 Bd7 47.Rh4+ Kg2 48.Rh7 Bh3 49.Kf4 Kxh2 50.Kf3  1-0

[Event "21st Feffernitz Open"]
[Site "Feffernitz AUT"]
[Date "2012.08.20"]
[Round "3.11"]
[White "Jandke,M"]
[Black "Saxer,Be"]
[Result "0-1"]
[WhiteElo "2137"]
[BlackElo "1934"]

1.c4 e5 2.g3 d5 3.cxd5 Qxd5 4.Nf3 Nc6 5.Nc3 Qd8 6.Bg2 Nf6 7.O-O Be7 8.b4 a6
9.Rb1 O-O 10.b5 axb5 11.Rxb5 Bd6 12.d4 Nxd4 13.Nxd4 exd4 14.Qxd4 c6 15.Rb3 Qe7
16.Bg5 Be5 17.Qe3 Re8 18.Ne4 Be6 19.f4 Bb8 20.Bxf6 gxf6 21.Qc3 Kg7 22.Rb2 Ra3
23.Qc1 Bd5 24.Nc3 Qc5+  0-1

[Event "12th World Uni Men"]
[Site "Guimaraes POR"]
[Date "2012.08.20"]
[Round "2.8"]
[White "Jarvinen,R"]
[Black "Matinian,N"]
[Result "1/2-1/2"]
[WhiteElo "2203"]
[BlackElo "2438"]

1.c4 e5 2.g3 Nf6 3.Bg2 d5 4.cxd5 Nxd5 5.Nf3 Nc6 6.Nc3 Nb6 7.d3 Be7 8.O-O O-O
9.a4 a5 10.Be3 Be6 11.Bxb6 cxb6 12.Nb5 f5 13.Nd2 Rf6 14.Rc1 Rc8 15.Nc4 Rh6
16.e3 f4 17.exf4 exf4 18.d4 Nb4 19.Qe2 fxg3 20.hxg3 Bd5 21.Ne5 Bxg2 22.Kxg2 Qd5+
23.Qf3 Rf8 24.Qxd5+ Nxd5 25.Rfe1 Rd8 26.Nc7 Rhd6 27.Nb5 Re6 28.f4 g6 29.Kf3 Bb4
30.Re2 Ree8 31.Rec2 Rf8 32.Ke4 Nf6+ 33.Kf3 Nd5 34.Ke4  1/2-1/2

[Event "e2e4 Gatwick Masters A 2012"]
[Site "Crawley ENG"]
[Date "2012.08.21"]
[Round "7.5"]
[White "Miezis,N"]
[Black "Rudd,J"]
[Result "1-0"]
[WhiteElo "2580"]
[BlackElo "2295"]

1.c4 e5 2.g3 Nf6 3.Bg2 g6 4.Nc3 Bg7 5.e3 O-O 6.Nge2 c6 7.d4 d6 8.O-O Re8
9.e4 Nbd7 10.h3 exd4 11.Nxd4 Nc5 12.Re1 Qb6 13.Nb3 Be6 14.Be3 Rad8 15.Qc2 Bxc4
16.Nxc5 dxc5 17.Na4 Qb5 18.Nxc5 b6 19.b3 bxc5 20.bxc4 Qa5 21.Rad1 Nd7 22.Bd2 Qa6
23.Bg5 f6 24.Be3 Qa5 25.Rf1 Bf8 26.f4 Nb6 27.Rxd8 Rxd8 28.e5 Qb4 29.Rc1 fxe5
30.fxe5 Qa3 31.Bg5 Re8 32.Bf4 g5 33.Bxg5 Qxg3 34.Bf6 Bh6 35.Rf1 Be3+ 36.Kh1 Bf4
37.Bd5+ Kf8 38.Rf3 Qe1+ 39.Kg2 cxd5 40.Rxf4 Kg8 41.Kh2  1-0

[Event "ZMDI Open A 2012"]
[Site "Dresden GER"]
[Date "2012.08.21"]
[Round "4"]
[White "Berni,Fa"]
[Black "Oehl,Tim"]
[Result "0-1"]
[WhiteElo "2132"]
[BlackElo "2088"]

1.c4 e5 2.g3 Nc6 3.Bg2 Bc5 4.Nc3 Nf6 5.e3 O-O 6.Nge2 a6 7.d4 Bb4 8.d5 Ne7
9.O-O d6 10.a3 Bc5 11.b4 Ba7 12.Bb2 Ne8 13.Nc1 f5 14.Nb3 Nf6 15.e4 f4 16.gxf4 exf4
17.Nd4 Bxd4 18.Qxd4 Ng6 19.f3 Nd7 20.Rf2 Nde5 21.Bf1 Qg5+ 22.Kh1 Qh5 23.Be2 Rf6
24.Qd1 Bh3 25.Nb1 Re8 26.Nd2 Nh4 27.Qb3 Rg6 28.Bf1 Bd7 29.Bd4 Qg5 30.Re2 Qh5
31.Rf2 Re7 32.Re1 Qg5 33.Rfe2 Kf8 34.Rc1 h6 35.Qc3 Kg8 36.Bf2 Kh7 37.Rb1 Re8
38.Rb3 Ba4 39.Rb2 Bd1  0-1

[Event "ZMDI Open A 2012"]
[Site "Dresden GER"]
[Date "2012.08.23"]
[Round "6"]
[White "Kaiser,D"]
[Black "Leniart,A"]
[Result "0-1"]
[WhiteElo "2256"]
[BlackElo "2475"]

1.c4 e5 2.g3 Nf6 3.Bg2 d5 4.cxd5 Nxd5 5.Nf3 Nc6 6.O-O Nb6 7.Nc3 Be7 8.a3 O-O
9.b4 Re8 10.d3 Bf8 11.Be3 a5 12.Bxb6 cxb6 13.b5 Nd4 14.Nd2 Bd7 15.a4 Bb4
16.Rc1 Rc8 17.Nc4 Bg4 18.h3 Be6 19.e3 Nb3 20.Rb1 Nc5 21.Ne4 Nxe4 22.Bxe4 Bxh3
23.Qh5 Bxf1 24.Qxh7+ Kf8 25.Qh8+ Ke7 26.Qxg7 Bh3 27.g4 Rg8 28.Qxe5+ Kf8 29.f3 Bxg4
30.fxg4 Rxg4+ 31.Kf1 Qh4 32.Bg2 Rc5 33.Qb8+ Kg7 34.Qxb7 Rf5+  0-1

[Event "12th ch-Euro Seniors"]
[Site "Kaunas LTU"]
[Date "2012.08.23"]
[Round "6.9"]
[White "Golcman,E"]
[Black "Nevednichy,B"]
[Result "1-0"]
[WhiteElo "2330"]
[BlackElo "2228"]

1.c4 e5 2.g3 Nf6 3.Bg2 Nc6 4.Nf3 d6 5.d4 Bg4 6.h3 Bxf3 7.Bxf3 exd4 8.Bxc6+ bxc6
9.Qxd4 Qd7 10.Nc3 Be7 11.Kf1 a5 12.Kg2 c5 13.Qd3 Qc6+ 14.Qf3 Qxf3+ 15.Kxf3 Nd7
16.Nd5 Bd8 17.b3 c6 18.Ne3 Bf6 19.Rb1 g6 20.Rd1 Ke7 21.Ng4 Ne5+ 22.Nxe5 Bxe5
23.a4 Ke6 24.e4 Bd4 25.Be3 Bxe3 26.Kxe3 Rhd8 27.Rbc1 Rab8 28.Rd3 f5 29.exf5+ Kxf5
30.f4 h5 31.Kf3 Ke6 32.Re1+ Kd7 33.Re5 Re8 34.Rxc5 Rxb3 35.Rxb3 dxc5 36.Rb7+ Kc8
37.Ra7 Re1 38.Rxa5 Rc1 39.Rxc5 Rc3+ 40.Kf2 Kc7 41.h4 Rc2+ 42.Ke1 Kb6 43.Rg5 Rxc4
44.a5+ Ka6 45.Rxg6 Kxa5 46.Rg5+ Kb4 47.Rxh5 Rc2 48.f5 Rc5 49.Rg5 Re5+ 50.Kf2 c5
51.f6 Re8 52.g4 c4 53.Rg7 Rb8 54.Rc7  1-0

[Event "2nd Isthmia Open A"]
[Site "Korinthia GRE"]
[Date "2012.08.23"]
[Round "7.13"]
[White "Mastrovasilis,A"]
[Black "Lagopatis,N"]
[Result "1/2-1/2"]
[WhiteElo "2539"]
[BlackElo "2213"]

1.c4 e5 2.g3 c6 3.d4 Bb4+ 4.Bd2 Bxd2+ 5.Qxd2 d6 6.Nc3 Nf6 7.Bg2 O-O 8.e3 Be6
9.Rd1 Nbd7 10.d5 cxd5 11.cxd5 Bg4 12.f3 Bh5 13.e4 Ne8 14.h4 h6 15.Nge2 b5
16.g4 b4 17.Nb1 Bg6 18.h5 Bh7 19.Qxb4 Rb8 20.Qd2 a5 21.Nec3 Rb4 22.Qf2 Qg5
23.b3 Nc5 24.Qd2 Qe7 25.O-O Qh4 26.Na3 g6 27.Qxh6 f5 28.Nc4 Rxc4 29.bxc4 g5
30.Na4 Rf6  1/2-1/2

[Event "24th Schlosspark Open"]
[Site "Wiesbaden GER"]
[Date "2012.08.24"]
[Round "3.16"]
[White "Froembgen,A"]
[Black "Haas,F"]
[Result "0-1"]
[WhiteElo "1973"]
[BlackElo "2184"]

1.c4 e5 2.g3 Nf6 3.Bg2 d5 4.cxd5 Nxd5 5.Nf3 Nc6 6.O-O Nb6 7.d3 Bg4 8.Nbd2 Qd7
9.b3 O-O-O 10.Bb2 f6 11.a3 Bh3 12.Nc4 h5 13.Nfxe5 fxe5 14.Bxh3 Qxh3 15.Nxe5 h4
16.Nf3 hxg3 17.fxg3 Bc5+ 18.Kh1 Nd5 19.Qc1 Be3 20.Qd1 Rh7 21.Bc1 Nd4 22.Bxe3 Nxf3  0-1

[Event "e2e4 Hinckley Open 2012"]
[Site "Hinckley ENG"]
[Date "2012.08.25"]
[Round "2.18"]
[White "Stewart,Ashley"]
[Black "Hall,David E"]
[Result "1/2-1/2"]
[WhiteElo "2013"]
[BlackElo "2103"]

1.c4 e5 2.g3 Nc6 3.Bg2 d6 4.Nc3 Be6 5.d3 Qd7 6.e4 g6 7.Nge2 Bg7 8.Nd5 O-O-O
9.b4 Nd4 10.Nxd4 exd4 11.Nf4 Ne7 12.b5 Kb8 13.Nxe6 Qxe6 14.O-O h5 15.a4 h4
16.a5 c5 17.a6 b6 18.f4 Qc8 19.Ra2 hxg3 20.hxg3 Qd7 21.Qf3 Kc7 22.Re2 Rb8
23.e5 Nf5 24.exd6+ Qxd6 25.g4 Ne3 26.Bxe3 dxe3 27.Qd5 Qxd5 28.Bxd5 Rh3 29.Bxf7 Rg3+
30.Rg2 Rxg2+ 31.Kxg2 Bc3 32.Kf3 g5 33.fxg5 Bd4 34.Rh1 Kd6 35.g6 Rd8 36.Rh7 Rd7
37.Ke2 Ke7 38.g7 Bxg7 39.Rxg7 Kf6 40.Rh7 Rxf7 41.Rxf7+ Kxf7 42.Kxe3 Ke6 43.Ke4 Kd6
44.Kf5 Kd7 45.Ke5 Ke7 46.d4 cxd4 47.Kxd4 Kd6 48.c5+ bxc5+ 49.Kc4 Kc7 50.Kxc5 Kb8
51.Kd6 Ka8 52.Kc6 Kb8 53.Kc5 Kc7 54.Kb4 Kb6 55.Kc4 Kc7 56.Kc5 Kb8 57.Kc6 Ka8
58.Kc7  1/2-1/2

[Event "27th Schwarzacher Open"]
[Site "Schwarzach AUT"]
[Date "2012.08.25"]
[Round "8.4"]
[White "Loidl,F"]
[Black "Palac,M"]
[Result "1/2-1/2"]
[WhiteElo "2216"]
[BlackElo "2599"]

1.c4 e5 2.g3 f5 3.d4 e4 4.f3 Bb4+ 5.Nc3 Nf6 6.Bg5 exf3 7.Nxf3 O-O 8.Qb3 Bxc3+
9.bxc3 Qe8 10.Bg2 Ne4 11.Bf4 d6 12.O-O Nd7 13.c5+ Kh8 14.cxd6 cxd6 15.Ng5 Ndf6
16.Nxe4 Nxe4 17.Bxe4 Qxe4 18.Bxd6 Re8 19.Qb5 Be6 20.Qd3 Qc6 21.Be5 Rac8 22.Qe3 Re7
23.a3 Kg8 24.Rf3 Rf7 25.Raf1 h6 26.Qf2 Rcf8 27.Qe3 Bd5 28.R3f2 b6 29.Qd2 Be4
30.Qe3 Bd5 31.Qd2 Qe6 32.Rf4 Bb7 33.Rd1 Qd5 34.Rf3 Rd8 35.Qc2 Qe4 36.Rf2 Qc6
37.Rf3 Qe6 38.Rf2 Be4 39.Qa4 f4 40.Rxf4 Rxf4 41.gxf4 Rc8 42.d5 Bxd5 43.Qd4 Qg4+
44.Kf1 Qg2+ 45.Ke1 Bb3 46.Rd3 Bc4 47.Qd7 Rc5 48.Bd4 Bxd3 49.Qe6+ Kh7 50.Bxc5 bxc5
51.exd3 Qg1+ 52.Ke2 Qxh2+ 53.Kf3 Qh1+ 54.Kf2 Qh4+ 55.Kf3 Qh1+ 56.Kf2 Qh2+
57.Kf3 Qh1+  1/2-1/2

[Event "24th Schlosspark Open"]
[Site "Wiesbaden GER"]
[Date "2012.08.25"]
[Round "5.5"]
[White "Carlstedt,J"]
[Black "Haas,F"]
[Result "1-0"]
[WhiteElo "2352"]
[BlackElo "2184"]

1.c4 e5 2.g3 Nf6 3.Bg2 d5 4.cxd5 Nxd5 5.Nc3 Nb6 6.Nf3 Nc6 7.O-O Bg4 8.a3 Qd7
9.b4 f6 10.b5 Nd8 11.Re1 Bh3 12.Bh1 c5 13.bxc6 Nxc6 14.a4 Bb4 15.Rb1 Bxc3
16.dxc3 Qxd1 17.Rxd1 Nxa4 18.Rxb7 Nxc3 19.Re1 O-O-O 20.Rb2 e4 21.Rc2 Nxe2+
22.Rcxe2 exf3 23.Rc2 Rhe8 24.Be3 Kd7 25.Bxf3 Ne5 26.Be4 Re6 27.f4 Ng4 28.Bf5 Nxe3
29.Bxe6+ Kxe6 30.Rxe3+ Kf7 31.Rc7+ Rd7 32.Rxd7+ Bxd7 33.Ra3 Kg6 34.Rxa7 Bf5
35.Kf2 h5 36.h4 Be4 37.Ke3 Bg2 38.Kd4 Bf3 39.Kc5 Bg2 40.Kd6 Be4 41.Ra5 Bf3
42.Ke7 Kh7 43.Kf8  1-0

[Event "37th Trade Fair Open A"]
[Site "Brno CZE"]
[Date "2012.08.26"]
[Round "2"]
[White "Pekar,V"]
[Black "Talla,V"]
[Result "1-0"]
[WhiteElo "2179"]
[BlackElo "2385"]

1.c4 e5 2.g3 Nf6 3.Bg2 d5 4.cxd5 Nxd5 5.Nf3 Nc6 6.O-O Nb6 7.a3 Be7 8.d3 O-O
9.b4 Be6 10.Bb2 f6 11.Nbd2 Qd7 12.Rc1 Rfd8 13.Qc2 a6 14.Rfd1 Bf8 15.Nc4 Qf7
16.Nfd2 Bd5 17.Nxb6 cxb6 18.Bxd5 Rxd5 19.Nc4 Rb5 20.Bc3 e4 21.a4 exd3 22.exd3 Rh5
23.Nxb6 Rd8 24.Rb1 Qc7 25.Qe2 Qf7 26.d4 Re8 27.Qc4 Qxc4 28.Nxc4 b5 29.d5 Na7
30.axb5 Nxb5 31.Be1 Rd8 32.Ne3 Re5 33.Ra1 Nc7 34.Rdc1 Nxd5 35.Nxd5 Rexd5
36.Rxa6 Rd1 37.Raa1 Rxe1+ 38.Rxe1 Bxb4 39.Red1 Rxd1+ 40.Rxd1 f5 41.Rd7 Bc3
42.Kg2 g6 43.Kf3 h5 44.Kf4 Bf6 45.Rd6 Kg7 46.Rxf6  1-0

[Event "19th Graz Open 2012"]
[Site "Graz AUT"]
[Date "2012.08.26"]
[Round "2.16"]
[White "Wallner,D"]
[Black "Legenstein,R"]
[Result "1/2-1/2"]
[WhiteElo "2127"]
[BlackElo "2048"]

1.c4 e5 2.g3 Nf6 3.Bg2 d5 4.cxd5 Nxd5 5.Nc3 Nb6 6.Nf3 Nc6 7.O-O Be7 8.a3 Be6
9.b4 f6 10.d3 O-O 11.Rb1 Rb8 12.Bb2 Qc8 13.Re1 Rd8 14.Qc2 Bf8 15.Rbc1 a6
16.Ne4 Qd7 17.Red1 Qf7 18.Nfd2 Nd7 19.Rf1 Rdc8 20.e3 a5 21.b5 Na7 22.a4 c6
23.b6 Nxb6 24.d4 Nd7 25.dxe5 Nxe5 26.Bxe5 fxe5 27.Ng5 Qf5 28.Bh3 Qxg5 29.Bxe6+ Kh8
30.Bxc8 Nxc8 31.f4 exf4 32.exf4 Qd5 33.Nf3 Nb6 34.Ng5 Qd4+ 35.Kg2 g6 36.Rfd1 Qf6
37.Re1 Nd5 38.Re6 Qxe6 39.Nxe6 Ne3+ 40.Kf3 Nxc2 41.Rxc2 Bb4 42.g4 Re8 43.f5 Kg8
44.Kf4 gxf5 45.gxf5 Re7 46.Re2 Kf7 47.Ng5+ Kg7 48.Ne4 Kf7 49.Ng5+ Kg7 50.Ne4 Kf7  1/2-1/2

[Event "BDO Premier 2012"]
[Site "Haarlem NED"]
[Date "2012.08.26"]
[Round "2.3"]
[White "De Jager,J"]
[Black "Swinkels,R"]
[Result "1/2-1/2"]
[WhiteElo "2404"]
[BlackElo "2482"]

1.c4 e5 2.g3 Nc6 3.Nc3 Nf6 4.Bg2 Bc5 5.e3 d5 6.cxd5 Nb4 7.d4 exd4 8.exd4 Be7
9.Nge2 O-O 10.O-O Re8 11.Nf4 Bg4 12.Qb3 Bf5 13.a3 Nc2 14.Ra2 Rb8 15.Qc4 a6
16.b4 Qd7 17.Nfe2 Bg6 18.h3 h5 19.Bf4 Bd6 20.Bxd6 cxd6 21.Qb3 Rbc8 22.Rxc2 Bxc2
23.Qxc2 Rxe2 24.Qxe2 Rxc3 25.Qb2 Qc8 26.Qe2 Rxa3 27.Qe7 Qd7 28.Qxd7 Nxd7
29.Rc1 Nb6 30.Rc7 Rb3 31.Rxb7 Rb1+ 32.Kh2 Rxb4 33.Ra7 Ra4 34.Rb7 Rb4 35.Ra7 Ra4
36.Rb7 Nc4 37.Rb8+ Kh7 38.Rd8 g6 39.Bf1 Nd2 40.Bg2 Nc4 41.Bf1 a5 42.Bxc4 Rxc4
43.Rxd6 Rxd4 44.Rd7 Kg7 45.d6 Kf6 46.Ra7 a4 47.d7 Ke7 48.h4 Kd8 49.Kg2 Rb4
50.Kg1 Rb1+ 51.Kg2 Ra1 52.Kf3 a3 53.Kg2 a2 54.f4 Ke7 55.Kh2 Rd1 56.Rxa2 Rxd7
57.Ra5  1/2-1/2

[Event "37th Trade Fair Open A"]
[Site "Brno CZE"]
[Date "2012.08.30"]
[Round "6"]
[White "Pekar,V"]
[Black "Novak,Vi"]
[Result "1/2-1/2"]
[WhiteElo "2179"]
[BlackElo "1932"]

1.c4 e5 2.g3 Nc6 3.Bg2 d6 4.Nc3 f5 5.d3 Nf6 6.e4 Be7 7.Nge2 O-O 8.O-O fxe4
9.dxe4 Be6 10.Nd5 Qd7 11.f4 exf4 12.gxf4 Bg4 13.Qd3 Rae8 14.Ng3 Nxd5 15.cxd5 Nd8
16.Be3 Bh3 17.Rac1 c5 18.dxc6 Nxc6 19.Rfd1 Bh4 20.Qd5+ Kh8 21.Bf3 Bg4 22.Rf1 Bxg3
23.hxg3 Bxf3 24.Rxf3 Qe7 25.Rc4 Qf7 26.Qxf7 Rxf7 27.Bd4 Rfe7 28.Re3 Kg8 29.Rec3 Rxe4
30.Bf2 Re2 31.Rc2 d5 32.Rc5 d4 33.Kf1 d3 34.Rxe2 Rxe2 35.Rb5 Rc2 36.Ke1 Re2+
37.Kf1 b6 38.Rb3 Rc2 39.Rxd3 Rxb2 40.Rc3 Nb4  1/2-1/2